000
00255nam a2200109Ia 4500
008
220204s9999 xx 000 0 und d
082
_a
82-3
_b
MAT
100
_a
Matthews, Patricia
245
0
_a
Flames of glory
260
_a
London
_b
Corgi;1983
942
_c
BK
999
_c
37466
_d
37466